000
00475nam a2200181Ia 4500
008
090122s9999 xx 000 0 und d
082
_b
12740
100
_a
डॉ
_b
जाखोटिया
_c
गिरिश
245
_a
वंश
260
_b
राजेंद्र प्रकाशन
_c
2008
300
_a
246
501
_a
ललित वितरण
600
_a
डॉ
630
_a
वंश
700
_a
डॉ
730
_a
वंश
942
_c
BOOK
999
_c
36817
_d
36817